Biblioteki Polonii Amerykańskiej
Biblioteka Instytutu Józefa Piłsudskiego w Ameryce
Library of the Józef Piłsudski Institute of America
Biblioteka imienia Alfreda Jurzykowskiego Polskiego Instytutu Naukowego w Ameryce
The Alfred Jurzykowski Memorial Library of the Polish Institute of Arts & Sciences of America
Biblioteka Marjanczyków Polskiej Fundacji Kulturalnej
The Marjanczyk Library of the Polish Cultural Foundation

Biblioteka Fundacji Kościuszkowskiej
Library of the Kosciuszko Foundation

Z mojej przeszłości : (Record no. 91106)

MARC details
000 -LEADER
fixed length control field 01946nam a2200541 i 4500
001 - CONTROL NUMBER
control field 991053123539205066
003 - CONTROL NUMBER IDENTIFIER
control field NyNyJPI
005 - DATE AND TIME OF LATEST TRANSACTION
control field 20260413174229.0
008 - FIXED-LENGTH DATA ELEMENTS--GENERAL INFORMATION
fixed length control field 241104s2024 pl cho |000 0bpol c
009 - PHYSICAL DESCRIPTION FIXED-FIELD FOR ARCHIVAL COLLECTION (VM) [OBSOLETE]
fixed length control field b1000005927750
015 ## - NATIONAL BIBLIOGRAPHY NUMBER
National bibliography number UWD 2024/34762
020 ## - INTERNATIONAL STANDARD BOOK NUMBER
International Standard Book Number 9788379014873
Qualifying information (oprawa miękka)
035 ## - SYSTEM CONTROL NUMBER
System control number (PL)b1000005927750
035 ## - SYSTEM CONTROL NUMBER
System control number (EXLNZ-48OMNIS_NETWORK)9914317135205606
040 ## - CATALOGING SOURCE
Original cataloging agency WA N
Transcribing agency WA N
Modifying agency WA N
-- KR U
-- WA N
045 0# - TIME PERIOD OF CONTENT
Formatted 9999 B.C. through C.E. time period d1939
046 ## - SPECIAL CODED DATES
Beginning or single date created 1939
080 ## - UNIVERSAL DECIMAL CLASSIFICATION NUMBER
Field link and sequence number 1.1\x
Universal Decimal Classification number 94(438).082.1
080 ## - UNIVERSAL DECIMAL CLASSIFICATION NUMBER
Field link and sequence number 1.2\x
Universal Decimal Classification number 929-051(438)"19"
084 ## - OTHER CLASSIFICATION NUMBER
Classification number 10
100 1# - MAIN ENTRY--PERSONAL NAME
Personal name Skowron, Stanisław
Dates associated with a name (1923-1942)
Relator term Autor
245 10 - TITLE STATEMENT
Title Z mojej przeszłości :
Remainder of title zapiski uczestnika wojny obronnej 1939 r. /
Statement of responsibility, etc. Stanisław Skowron ; wstęp, opracowanie tekstu Janusz Skowron ; posłowie Jerzy Mazurek.
246 30 - VARYING FORM OF TITLE
Title proper/short title Zapiski uczestnika wojny obronnej 1939 r.
260 ## - PUBLICATION, DISTRIBUTION, ETC.
Place of publication, distribution, etc. Warszawa :
Name of publisher, distributor, etc. Muzeum Historii Polskiego Ruchu Ludowego,
Date of publication, distribution, etc. 2024.
300 ## - PHYSICAL DESCRIPTION
Extent 60 stron :
Other physical details faksymilia, fotografie, portrety ;
Dimensions 21 cm.
336 ## - CONTENT TYPE
Content type term Tekst
Content type code txt
Source rdacontent
337 ## - MEDIA TYPE
Media type term Bez urządzenia pośredniczącego
Media type code n
Source rdamedia
338 ## - CARRIER TYPE
Carrier type term Wolumin
Carrier type code nc
Source rdacarrier
380 ## - FORM OF WORK
Form of work Książki
380 ## - FORM OF WORK
Form of work Literatura faktu, eseje, publicystyka
386 ## - CREATOR/CONTRIBUTOR CHARACTERISTICS
Demographic group term Przynależność kulturowa
Creator/contributor term Literatura polska
388 1# - TIME PERIOD OF CREATION
Time period of creation term 1901-2000
388 1# - TIME PERIOD OF CREATION
Time period of creation term 1939-1945
600 17 - SUBJECT ADDED ENTRY--PERSONAL NAME
Personal name Skowron, Stanisław
Dates associated with a name (1923-1942)
Source of heading or term DBN
648 #7 - SUBJECT ADDED ENTRY--CHRONOLOGICAL TERM
Chronological term 1901-2000
Source of heading or term DBN
648 #7 - SUBJECT ADDED ENTRY--CHRONOLOGICAL TERM
Chronological term 1939-1945
Source of heading or term DBN
650 #7 - SUBJECT ADDED ENTRY--TOPICAL TERM
Topical term or geographic name entry element Jeńcy wojenni
Source of heading or term DBN
650 #7 - SUBJECT ADDED ENTRY--TOPICAL TERM
Topical term or geographic name entry element Kampania wrześniowa (1939)
Source of heading or term DBN
650 #7 - SUBJECT ADDED ENTRY--TOPICAL TERM
Topical term or geographic name entry element Żołnierze
Source of heading or term DBN
651 #7 - SUBJECT ADDED ENTRY--GEOGRAPHIC NAME
Geographic name Polska
Source of heading or term DBN
655 #7 - INDEX TERM--GENRE/FORM
Genre/form data or focus term Pamiętniki i wspomnienia
Source of term DBN
658 ## - INDEX TERM--CURRICULUM OBJECTIVE
Main curriculum objective Bezpieczeństwo i wojskowość
658 ## - INDEX TERM--CURRICULUM OBJECTIVE
Main curriculum objective Historia
700 1# - ADDED ENTRY--PERSONAL NAME
Personal name Skowron, Janusz
Dates associated with a name (1958- )
Relator term Wstęp
-- Opracowanie
700 1# - ADDED ENTRY--PERSONAL NAME
Personal name Mazurek, Jerzy
Dates associated with a name (1961- )
Relator term Posłowie
710 2# - ADDED ENTRY--CORPORATE NAME
Corporate name or jurisdiction name as entry element Muzeum Historii Polskiego Ruchu Ludowego (Warszawa)
Relator term Wydawca
Relationship pbl
942 ## - ADDED ENTRY ELEMENTS (KOHA)
Source of classification or shelving scheme Other/Generic Classification Scheme
Koha item type Books
Suppress in OPAC No
Holdings
Withdrawn status Lost status Source of classification or shelving scheme Damaged status Not for loan Home library Current library Date acquired Total checkouts Full call number Date last seen Price effective from Koha item type
    Other/Generic Classification Scheme   Not for loan Józef Piłsudski Institute Józef Piłsudski Institute 04/13/2026   K 1843 04/13/2026 04/13/2026 Books